Events that changed the world / (Record no. 9503)
[ view plain ]
| 000 -LEADER | |
|---|---|
| fixed length control field | 01515nac a22003491i 4500 |
| 003 - CONTROL NUMBER IDENTIFIER | |
| control field | EG-ScBUE |
| 005 - DATE AND TIME OF LATEST TRANSACTION | |
| control field | 20240815110531.0 |
| 008 - FIXED-LENGTH DATA ELEMENTS--GENERAL INFORMATION | |
| fixed length control field | 100118m19951999ctua f b 001 0 eng d |
| 020 ## - INTERNATIONAL STANDARD BOOK NUMBER | |
| International Standard Book Number | 0313290784 (17th century) |
| 020 ## - INTERNATIONAL STANDARD BOOK NUMBER | |
| International Standard Book Number | 0313290768 (19th century) |
| 020 ## - INTERNATIONAL STANDARD BOOK NUMBER | |
| International Standard Book Number | 0313290776 (18th century) |
| 020 ## - INTERNATIONAL STANDARD BOOK NUMBER | |
| International Standard Book Number | 031329075X (20th century) |
| 040 ## - CATALOGING SOURCE | |
| Original cataloging agency | EG-ScBUE |
| Language of cataloging | eng |
| Description conventions | rda |
| Transcribing agency | EG-ScBUE |
| Modifying agency | EG-ScBUE |
| 082 04 - DEWEY DECIMAL CLASSIFICATION NUMBER | |
| Classification number | 909.08 |
| Item number | EVE |
| Edition number | 22 |
| 245 00 - TITLE STATEMENT | |
| Title | Events that changed the world / |
| Statement of responsibility, etc | edited by Frank W. Thackeray, John E. Findling. |
| 264 #1 - PUBLICATION, DISTRIBUTION, ETC. (IMPRINT) | |
| Place of publication, distribution, etc | Westport, Connecticut : |
| Name of publisher, distributor, etc | Greenwood Press, |
| Date of publication, distribution, etc | 1995-1999. |
| 300 ## - PHYSICAL DESCRIPTION | |
| Extent | 4 volumes : |
| Other physical details | illustrations ; |
| Dimensions | 25 cm. |
| 336 ## - CONTENT TYPE | |
| Source | rdacontent |
| Content type term | text |
| Content type code | txt |
| 337 ## - MEDIA TYPE | |
| Media type term | unmediated |
| Source | rdamedia |
| Media type code | n |
| 338 ## - CARRIER TYPE | |
| Carrier type term | volume |
| Carrier type code | nc |
| Source | rdacarrier |
| 490 0# - SERIES STATEMENT | |
| Series statement | Events that changed the world series |
| 504 ## - BIBLIOGRAPHY, ETC. NOTE | |
| Bibliography, etc | Includes bibliographical references and index. |
| 505 0# - FORMATTED CONTENTS NOTE | |
| Formatted contents note | Events that Changed the World in the Seventeenth Century -- Events that Changed the World in the Eighteenth Century -- Events that Changed the World in the Nineteenth Century -- Events that Changed the World in the Twentieth Century. |
| 650 #7 - SUBJECT ADDED ENTRY--TOPICAL TERM | |
| Topical term or geographic name as entry element | History, Modern |
| Chronological subdivision | 19th century. |
| Source of heading or term | BUEsh |
| 9 (RLIN) | 10419 |
| 650 #7 - SUBJECT ADDED ENTRY--TOPICAL TERM | |
| Topical term or geographic name as entry element | History, Modern |
| Chronological subdivision | 20th century. |
| Source of heading or term | BUEsh |
| 9 (RLIN) | 10225 |
| 650 #7 - SUBJECT ADDED ENTRY--TOPICAL TERM | |
| Topical term or geographic name as entry element | History, Modern |
| Chronological subdivision | 18th Century. |
| Source of heading or term | BUEsh |
| 9 (RLIN) | 10416 |
| 650 #7 - SUBJECT ADDED ENTRY--TOPICAL TERM | |
| Topical term or geographic name as entry element | History, Modern |
| Chronological subdivision | 17th century. |
| Source of heading or term | BUEsh |
| 9 (RLIN) | 10417 |
| 655 ## - INDEX TERM--GENRE/FORM | |
| Form subdivision | Reading book |
| 700 1# - ADDED ENTRY--PERSONAL NAME | |
| Personal name | Thackeray, Frank W., |
| Relator term | editor. |
| 9 (RLIN) | 10420 |
| 700 1# - ADDED ENTRY--PERSONAL NAME | |
| Personal name | Findling, John E., |
| Relator term | editor. |
| 9 (RLIN) | 10421 |
| 942 ## - ADDED ENTRY ELEMENTS (KOHA) | |
| Koha item type | Book - Borrowing |
| Source of classification or shelving scheme | Dewey Decimal Classification |
| Withdrawn status | Lost status | Source of classification or shelving scheme | Damaged status | Not for loan | Collection code | Home library | Current library | Shelving location | Date acquired | Source of acquisition | Total Checkouts | Full call number | Barcode | Date last seen | Date checked out | Price effective from | Koha item type | Total Renewals |
|---|---|---|---|---|---|---|---|---|---|---|---|---|---|---|---|---|---|---|
| Dewey Decimal Classification | Alahram | Central Library | Central Library | Second Floor | 08/05/2015 | Purchase | 2 | 909.08 EVE | 000011498 | 15/07/2025 | 01/02/2009 | 15/05/2008 | Book - Borrowing | |||||
| Dewey Decimal Classification | Alahram | Central Library | Central Library | Second Floor | 18/01/2010 | Purchase | 3 | 909.08 EVE | 000011497 | 15/07/2025 | 29/09/2019 | 18/01/2010 | Book - Borrowing | 2 | ||||
| Dewey Decimal Classification | Alahram | Central Library | Central Library | Second Floor | 18/01/2010 | Purchase | 909.08 EVE | 000011365 | 15/07/2025 | 18/01/2010 | Book - Borrowing | |||||||
| Dewey Decimal Classification | Alahram | Central Library | Central Library | Second Floor | 18/01/2010 | Purchase | 1 | 909.08 EVE | 000011568 | 15/07/2025 | 21/04/2015 | 18/01/2010 | Book - Borrowing | 2 |